000 00560 a2200205 4500
003 OSt
005 20180116182823.0
008 170801b xxu||||| |||| 00| 0 eng d
020 _a0673524868
040 _c0
082 _a330.015195 STU 1997
100 _aA. H. Studenmund
245 _aUsing a Practical Guide Econometrics
_cA. H. Studenmund
250 _a3rd ed
260 _aNew York
_bAddison Wesley
_c1997
300 _a670p.
_bHB
440 _aUsing a Practical Guide Econometrics
500 _aHardcover
942 _aNBS
_cBK
_k330.015195 STU
_2ddc
999 _c346589
_d346589